| 000 | 00532nam a2200169Ia 4500 | ||
|---|---|---|---|
| 020 | _a0851987702 (pbk) | ||
| 040 | _cUKM | ||
| 082 | _a630 CAB 1991 A054 Or. | ||
| 245 | 0 | 0 |
_aAppropriate biotechnology in small-scale agriculture : _bhow to reorient research and development / |
| 260 |
_aWallingford, Oxon, UK : _bCAB International, _cc1991 |
||
| 300 |
_axi, 153 p. ; _c24 cm |
||
| 650 | 0 | _aAgricultural biotechnology | |
| 650 | 0 | _aFarms, Small | |
| 700 | 1 | 0 | _aBunders, Joske F. G |
| 700 | 1 | 0 | _aBroerse, Jacqueline E. W |
| 942 | _cEK | ||
| 999 |
_c15434 _d15434 |
||